ứng dụng Oracle

Zapisane w:
Opis bibliograficzny
1. autor: Lê Minh Trí
Format: Książka
Język:Undetermined
Wydane: Tp. HCM Trẻ 2000
Hasła przedmiotowe:
Etykiety: Dodaj etykietę
Nie ma etykietki, Dołącz pierwszą etykiete!
Thư viện lưu trữ: Trung tâm Học liệu Trường Đại học Cần Thơ
LEADER 00514nam a2200193Ia 4500
001 CTU_39614
008 210402s9999 xx 000 0 und d
020 |b 46.000đ 
082 |a 004.6186 
082 |b Tr300 
100 |a Lê Minh Trí 
245 0 |a ứng dụng Oracle 
245 0 |c Lê Minh Trí 
260 |a Tp. HCM 
260 |b Trẻ 
260 |c 2000 
650 |a windows 95,windows NT 
904 |i Nguyễn Quang Điền, 001127 
980 |a Trung tâm Học liệu Trường Đại học Cần Thơ